000 00449nam a2200193Ia 4500
005 20250425161521.0
008 250425s9999 xx 000 0 und d
020 _a8433565559
041 _aspa
082 _a658.42
100 _aMACE, MYLES L.
245 0 _aPROMOCION Y FORMACION DE EJECUTIVOS
250 _a3A ED.
260 _aBARCELONA
260 _aEspaƱa
_bEDITORIAL LABOR
_c1976
300 _a193
942 _c01
010 _a22046
999 _c210791
_d210791